000 00427nam a2200169Ia 4500
008 230524s9999 xx 000 0 und d
020 _a9780070992863
082 _a621.3828
_bELG
100 _aOlle I.Elgerd
245 0 _aElectric Energy Systems Theory (An Introduction)
250 _a2ND
260 _aNEW DELHI
_bTMH
_c2006
300 _aXVI;527
500 _aQuantity Number: 32
650 _aElectrical
942 _cBK
999 _c36275
_d36275